00392nam a22001337a 450000500170000002000190001703500130003603700130004910000260006224500860008826000410017430000250021570000180024020120519124718.0 a019563974Xc00 aA-820694 aDPLbENG aDholakia, Ravindra H. aMicroeconomics for management students /cby Ravindra H. Dholakia and Ajay N. Oza aDelhibOxford University Pressc1996 aviii, 420p.c18 cms. aOza, Ajay N.